Cyclisme : Top 20 de Paris-Roubaix 2024 - Statistiques

Statistiques générales
  • Ce quiz a été pris 47 fois
  • Le résultat moyen est 9 sur 20
Statistiques - réponses
Position Equipe Coureur % Correct
1er Alpecin Deceuninck Mathieu Van Der Poel
100%
2eme Alpecin Deceuninck Jasper Philipsen
97%
3eme Lidl Trek Mads Pedersen
95%
5eme Groupama FDJ Stefan Kung
92%
4eme UAE Team Emirates Nils Pollit
72%
11eme Dsm Firmeninch PostNL John Degenkolb
59%
7eme Groupama FDJ Laurence Pithie
56%
6eme Alpecin Deceuninck Gianni Vermeersch
49%
8eme BORA Hansgrohe Jordi Meeus
38%
15eme UAE Team Emirates Tim Wellens
36%
17eme Ineos Grenadier Thomas Pidcock
33%
19eme Visma Lease a Bike Mick Van Dijke
28%
16eme Visma Lease a Bike Tim Van Dijke
28%
9eme Uno-X Mobility Soren Waerenskjold
26%
13eme TotalEnergies Dries Van Gestel
23%
14eme Astana Qazaqtsan Team Yevgeniy Fedorov
15%
12eme Bahrain Victorious Fred Wright
13%
18eme Q36.5 Pro Cycling Team Kamil Malecki
8%
20eme Lotto Dstny Liam Slock
3%
10eme Intermarché Wanty Madis Mihkles
0%
Aucun quiz correspondant
Distribution des résultats
% des personnes avec chaque résultat
Percentile par nombre de réponses
Votre historique - résultats
Vous n’avez pas pris ce quiz